[Event "Russian Higher League 2021"]
[Site "?"]
[Date "2021.07.03"]
[Round "7.11"]
[White "Kobalia, Mikhail"]
[Black "Nesterov, Arseniy"]
[Result "1/2-1/2"]
[WhiteElo "2596"]
[BlackElo "2479"]
[Annotator ""]
[Source ""]
[Remark ""]

1.e4 {[%clk 1:30:56]} c6 {[%clk 1:30:55]} 2.Nf3 {[%clk 1:28:33]}
d5 {[%clk 1:31:10]} 3.d3 {[%clk 1:28:59]} Bg4 {[%clk 1:30:36]}
4.h3 {[%clk 1:28:29]} Bh5 {[%clk 1:31:00]} 5.Qe2 {[%clk 1:28:05]}
e6 {[%clk 1:29:57]} 6.g4 {[%clk 1:28:08]} Bg6 {[%clk 1:30:23]}
7.h4 {[%clk 1:28:12]} dxe4 {[%clk 1:25:45]} 8.dxe4 {[%clk 1:27:38]}
h5 {[%clk 1:25:43]} 9.g5 {[%clk 1:26:46]} Nd7 {[%clk 1:21:50]}
10.Nbd2 {[%clk 1:22:26]} Qc7 {[%clk 1:00:34]} 11.Bg2 {[%clk 1:21:23]}
Ne7 {[%clk 0:45:09]} 12.Nf1 {[%clk 1:04:33]} f6 {[%clk 0:34:33]}
13.Bh3 {[%clk 0:59:02]} Bf7 {[%clk 0:34:49]} 14.Nd4 {[%clk 0:55:47]}
Qe5 {[%clk 0:28:05]} 15.Be3 {[%clk 0:53:40]} Ng6 {[%clk 0:26:02]}
16.O-O-O {[%clk 0:53:00]} Bc5 {[%clk 0:17:27]} 17.Qd2 {[%clk 0:26:56]}
Qxe4 {[%clk 0:10:39]} 18.Ng3 {[%clk 0:15:47]} Qd5 {[%clk 0:11:01]}
19.Kb1 {[%clk 0:15:42]} Bxd4 {[%clk 0:09:24]} 20.Bxd4 {[%clk 0:14:21]}
O-O-O {[%clk 0:07:22]} 21.Bxa7 {[%clk 0:12:08]} Qxd2 {[%clk 0:07:31]}
22.Rxd2 {[%clk 0:12:37]} f5 {[%clk 0:03:36]} 23.Bf1 {[%clk 0:11:30]}
Nde5 {[%clk 0:03:10]} 24.Rxd8+ {[%clk 0:10:32]} Rxd8 {[%clk 0:03:39]}
25.Be2 {[%clk 0:10:51]} Nf4 {[%clk 0:03:03]} 26.Bd1 {[%clk 0:10:46]}
g6 {[%clk 0:01:24]} 27.Kc1 {[%clk 0:08:35]} Kc7 {[%clk 0:00:53]}
28.Be3 {[%clk 0:09:01]} Nd5 {[%clk 0:01:14]} 29.Bd4 {[%clk 0:09:17]}
Nd7 {[%clk 0:01:26]} 30.b3 {[%clk 0:07:00]} e5 {[%clk 0:01:51]}
31.Bb2 {[%clk 0:07:26]} Nf4 {[%clk 0:02:16]} 32.Ne2 {[%clk 0:07:37]}
Ne6 {[%clk 0:01:41]} 33.Re1 {[%clk 0:07:49]} c5 {[%clk 0:01:23]}
34.Ng1 {[%clk 0:06:33]} Nd4 {[%clk 0:01:44]} 35.Nf3 {[%clk 0:06:48]}
Re8 {[%clk 0:00:59]} 36.Nxd4 {[%clk 0:06:47]} exd4 {[%clk 0:01:11]}
37.Rxe8 {[%clk 0:06:47]} Bxe8 {[%clk 0:01:41]} 38.c3 {[%clk 0:06:59]}
Ne5 {[%clk 0:01:27]} 39.Kd2 {[%clk 0:06:32]} dxc3+ {[%clk 0:00:46]}
40.Bxc3 {[%clk 0:37:00]} Kd6 {[%clk 0:31:10]} 41.f4 {[%clk 0:35:21]}
Nc6 {[%clk 0:30:28]} 42.a3 {[%clk 0:32:17]} Bf7 {[%clk 0:30:18]}
43.b4 {[%clk 0:31:26]} cxb4 {[%clk 0:25:35]} 44.Bxb4+ {[%clk 0:30:07]}
Nxb4 {[%clk 0:22:12]} 45.axb4 {[%clk 0:30:22]} b6 {[%clk 0:22:40]}
46.Kc3 {[%clk 0:30:40]} Bd5 {[%clk 0:22:44]} 47.Kd4 {[%clk 0:31:04]}
Bg2 {[%clk 0:20:06]} 48.Bb3 {[%clk 0:25:52]} Ke7 {[%clk 0:20:32]}
49.Ke5 {[%clk 0:25:25]} Be4 {[%clk 0:20:33]} 50.Bd5 {[%clk 0:15:53]}
Bd3 {[%clk 0:20:51]} 51.Bc6 {[%clk 0:16:17]} Be2 {[%clk 0:20:28]}
52.Ba4 {[%clk 0:16:36]} Bf1 {[%clk 0:20:30]} 53.Be8 {[%clk 0:15:16]}
Kxe8 {[%clk 0:20:48]} 54.Kf6 {[%clk 0:15:43]} b5 {[%clk 0:10:02]}
55.Kxg6 {[%clk 0:15:55]} Be2 {[%clk 0:10:28]} 56.Kxf5 {[%clk 0:05:24]}
Ke7 {[%clk 0:10:12]} 57.Kg6 {[%clk 0:03:40]} Bd1 {[%clk 0:10:12]}
58.Kf5 {[%clk 0:02:23]} Bc2+ {[%clk 0:08:59]} 59.Ke5 {[%clk 0:02:49]}
Kf7 {[%clk 0:09:14]} 60.f5 {[%clk 0:03:15]} Bd3 {[%clk 0:09:19]}
61.Kf4 {[%clk 0:01:23]} Kg7 {[%clk 0:09:36]} 62.Ke5 {[%clk 0:01:47]}
Kf7 {[%clk 0:10:01]} 63.Ke4 1/2-1/2

[Event "Russian Higher League 2021"]
[Site "?"]
[Date "2021.07.03"]
[Round "7.12"]
[White "Romanov, Evgeny"]
[Black "Obgolts, Erik"]
[Result "1-0"]
[WhiteElo "2599"]
[BlackElo "2425"]
[Annotator ""]
[Source ""]
[Remark ""]

1.g3 {[%clk 1:27:24]} Nf6 {[%clk 1:30:36]} 2.Bg2 {[%clk 1:27:42]}
d5 {[%clk 1:27:36]} 3.Nf3 {[%clk 1:28:04]} g6 {[%clk 1:28:02]}
4.c4 {[%clk 1:28:28]} d4 {[%clk 1:25:53]} 5.b4 {[%clk 1:27:33]}
Bg7 {[%clk 1:24:29]} 6.d3 {[%clk 1:27:42]} O-O {[%clk 1:20:15]}
7.O-O {[%clk 1:27:36]} Re8 {[%clk 1:16:20]} 8.Nbd2 {[%clk 1:27:11]}
e5 {[%clk 1:14:45]} 9.Nb3 {[%clk 1:27:13]} Nbd7 {[%clk 1:12:13]}
10.a4 {[%clk 1:27:00]} c6 {[%clk 1:08:21]} 11.a5 {[%clk 1:26:16]}
Rb8 {[%clk 1:02:53]} 12.e3 {[%clk 1:23:42]} dxe3 {[%clk 0:53:07]}
13.Bxe3 {[%clk 1:23:59]} a6 {[%clk 0:52:38]} 14.Re1 {[%clk 1:21:24]}
Bf8 {[%clk 0:49:41]} 15.Bd2 {[%clk 1:18:10]} c5 {[%clk 0:41:29]}
16.bxc5 {[%clk 1:11:27]} Nxc5 {[%clk 0:40:15]} 17.Nxe5 {[%clk 1:09:43]}
Bf5 {[%clk 0:37:36]} 18.Nxc5 {[%clk 0:59:08]} Bxc5 {[%clk 0:38:00]}
19.Bc3 {[%clk 0:59:05]} Bd4 {[%clk 0:32:14]} 20.Qb3 {[%clk 0:57:04]}
Bxc3 {[%clk 0:17:40]} 21.Qxc3 {[%clk 0:57:31]} Nd7 {[%clk 0:18:01]}
22.Nxd7 {[%clk 0:55:28]} Qxd7 {[%clk 0:18:28]} 23.d4 {[%clk 0:53:59]}
Bh3 {[%clk 0:17:50]} 24.Bxh3 {[%clk 0:51:11]} Qxh3 {[%clk 0:18:15]}
25.d5 {[%clk 0:51:32]} Qf5 {[%clk 0:17:26]} 26.Qd4 {[%clk 0:50:27]}
h5 {[%clk 0:16:52]} 27.h4 {[%clk 0:46:59]} Qg4 {[%clk 0:17:11]}
28.Qd3 {[%clk 0:37:24]} Qd7 {[%clk 0:17:01]} 29.c5 {[%clk 0:36:21]}
Red8 {[%clk 0:16:50]} 30.d6 {[%clk 0:35:33]} Rbc8 {[%clk 0:17:11]}
31.Re5 {[%clk 0:34:49]} 1-0

[Event "Russian Higher League 2021"]
[Site "?"]
[Date "2021.07.03"]
[Round "7.14"]
[White "Savitskiy, Sergey"]
[Black "Rozum, Ivan"]
[Result "1/2-1/2"]
[WhiteElo "2437"]
[BlackElo "2549"]
[Annotator ""]
[Source ""]
[Remark ""]

1.e4 {[%clk 1:30:57]} c6 {[%clk 1:30:55]} 2.d4 {[%clk 1:31:05]}
d5 {[%clk 1:31:20]} 3.Nc3 {[%clk 1:31:28]} dxe4 {[%clk 1:31:43]}
4.Nxe4 {[%clk 1:31:53]} Bf5 {[%clk 1:32:07]} 5.Ng3 {[%clk 1:32:01]}
Bg6 {[%clk 1:32:31]} 6.Bc4 {[%clk 1:31:08]} e6 {[%clk 1:32:50]}
7.N1e2 {[%clk 1:31:15]} Nf6 {[%clk 1:33:05]} 8.O-O {[%clk 1:30:52]}
Bd6 {[%clk 1:33:12]} 9.f4 {[%clk 1:30:52]} Bf5 {[%clk 1:33:19]}
10.Nxf5 {[%clk 0:56:51]} exf5 {[%clk 1:33:23]} 11.Kh1 {[%clk 0:57:18]}
O-O {[%clk 1:30:39]} 12.Ng1 {[%clk 0:57:05]} Qc7 {[%clk 1:23:39]}
13.Nf3 {[%clk 0:56:02]} Nbd7 {[%clk 1:15:53]} 14.Ne5 {[%clk 0:53:57]}
Rad8 {[%clk 1:11:08]} 15.Qe2 {[%clk 0:47:59]} c5 {[%clk 1:05:01]}
16.c3 {[%clk 0:47:13]} g6 {[%clk 1:03:59]} 17.Be3 {[%clk 0:41:16]}
Nb6 {[%clk 1:00:31]} 18.dxc5 {[%clk 0:34:48]} Bxc5 {[%clk 0:59:29]}
19.Bb3 {[%clk 0:35:12]} Nbd5 {[%clk 0:55:20]} 20.Bxc5 {[%clk 0:30:55]}
Qxc5 {[%clk 0:55:06]} 21.Qf2 {[%clk 0:16:45]} Qxf2 {[%clk 0:51:06]}
22.Rxf2 {[%clk 0:17:11]} Ne4 {[%clk 0:47:43]} 23.Rff1 {[%clk 0:17:15]}
Nd2 {[%clk 0:26:32]} 24.Rf2 {[%clk 0:16:35]} Ne4 {[%clk 0:23:12]}
25.Rff1 {[%clk 0:16:56]} Nd2 {[%clk 0:22:28]} 26.Rf2 {[%clk 0:17:09]}
Ne4 {[%clk 0:22:52]} 1/2-1/2

[Event "Russian Higher League 2021"]
[Site "?"]
[Date "2021.07.03"]
[Round "7.15"]
[White "Smirnov, Anton"]
[Black "Lobanov, Sergei"]
[Result "0-1"]
[WhiteElo "2154"]
[BlackElo "2514"]
[Annotator ""]
[Source ""]
[Remark ""]

1.d4 {[%clk 1:30:58]} d5 {[%clk 1:30:55]} 2.c4 {[%clk 1:31:24]}
dxc4 {[%clk 1:31:20]} 3.Nf3 {[%clk 1:31:50]} Nf6 {[%clk 1:31:37]}
4.e3 {[%clk 1:32:11]} a6 {[%clk 1:32:03]} 5.Bxc4 {[%clk 1:32:33]}
e6 {[%clk 1:32:28]} 6.O-O {[%clk 1:32:56]} Nbd7 {[%clk 1:32:53]}
7.Re1 {[%clk 1:30:33]} c5 {[%clk 1:33:10]} 8.Nc3 {[%clk 1:29:06]}
b5 {[%clk 1:33:21]} 9.Bf1 {[%clk 1:21:53]} Bb7 {[%clk 1:33:34]}
10.a4 {[%clk 1:21:15]} b4 {[%clk 1:33:24]} 11.Nb1 {[%clk 1:19:02]}
Be7 {[%clk 1:30:41]} 12.Nbd2 {[%clk 1:19:22]} O-O {[%clk 1:30:42]}
13.e4 {[%clk 1:18:47]} cxd4 {[%clk 1:30:14]} 14.e5 {[%clk 1:18:58]}
Nd5 {[%clk 1:13:53]} 15.Nxd4 {[%clk 1:19:16]} Nf4 {[%clk 1:09:16]}
16.Nc4 {[%clk 1:07:16]} Ng6 {[%clk 1:08:23]} 17.b3 {[%clk 1:04:55]}
Bc5 {[%clk 0:57:53]} 18.Bb2 {[%clk 1:04:23]} Bd5 {[%clk 0:54:54]}
19.Rc1 {[%clk 1:00:54]} f6 {[%clk 0:48:04]} 20.Ne3 {[%clk 0:50:23]}
Bxd4 {[%clk 0:30:32]} 21.Bxd4 {[%clk 0:47:30]} fxe5 {[%clk 0:28:48]}
22.Ba1 {[%clk 0:47:14]} Nf6 {[%clk 0:28:54]} 23.Nxd5 {[%clk 0:44:52]}
exd5 {[%clk 0:29:18]} 24.Bxe5 {[%clk 0:45:11]} Nxe5 {[%clk 0:29:46]}
25.Rxe5 {[%clk 0:45:36]} Qb6 {[%clk 0:30:05]} 26.Be2 {[%clk 0:36:34]}
Rac8 {[%clk 0:28:32]} 27.Rxc8 {[%clk 0:25:21]} Rxc8 {[%clk 0:29:00]}
28.Bf3 {[%clk 0:25:05]} Qd6 {[%clk 0:28:12]} 29.Re3 {[%clk 0:22:03]}
Rc3 {[%clk 0:27:21]} 30.h3 {[%clk 0:18:13]} Qc5 {[%clk 0:25:25]}
31.Qe2 {[%clk 0:17:45]} Rxe3 {[%clk 0:15:33]} 32.Qxe3 {[%clk 0:17:58]}
Qxe3 {[%clk 0:15:06]} 33.fxe3 {[%clk 0:18:27]} a5 {[%clk 0:15:29]}
34.Kf2 {[%clk 0:18:15]} Kf7 {[%clk 0:15:57]} 35.Kg3 {[%clk 0:10:18]}
g5 {[%clk 0:16:10]} 36.h4 h6 {[%clk 0:15:57]} 37.hxg5 {[%clk 0:10:55]}
hxg5 {[%clk 0:16:26]} 38.Kf2 {[%clk 0:08:44]} Ke6 {[%clk 0:16:10]}
39.Ke1 {[%clk 0:08:07]} Ke5 {[%clk 0:16:02]} 40.Kd2 {[%clk 0:35:43]}
Ne4+ {[%clk 0:36:01]} 41.Kc2 {[%clk 0:35:25]} Nc5 {[%clk 0:34:59]}
42.Bd1 {[%clk 0:33:53]} d4 {[%clk 0:31:14]} 43.exd4+ {[%clk 0:34:03]}
Kxd4 {[%clk 0:31:41]} 44.Bg4 {[%clk 0:31:50]} Ke3 {[%clk 0:32:05]}
45.Bc8 {[%clk 0:31:36]} Nd3 {[%clk 0:31:41]} 46.g4 {[%clk 0:30:55]}
Ne1+ {[%clk 0:30:54]} 47.Kd1 {[%clk 0:30:54]} Nf3 {[%clk 0:31:21]}
48.Kc2 {[%clk 0:31:08]} Nd4+ {[%clk 0:31:25]} 49.Kb2 {[%clk 0:31:37]}
Kd2 {[%clk 0:31:19]} 50.Bf5 {[%clk 0:29:07]} Ne2 {[%clk 0:31:38]}
51.Be6 {[%clk 0:29:04]} Nf4 {[%clk 0:32:02]} 52.Bg8 {[%clk 0:28:58]}
Nd3+ {[%clk 0:32:20]} 53.Kb1 {[%clk 0:28:17]} Kc3 {[%clk 0:32:39]}
54.Bf7 {[%clk 0:28:26]} Nc5 {[%clk 0:32:48]} 55.Ka2 {[%clk 0:28:47]}
Kc2 {[%clk 0:33:04]} 56.Bg6+ {[%clk 0:29:06]} Nd3 {[%clk 0:33:11]}
57.Bh7 {[%clk 0:26:51]} Kc3 {[%clk 0:33:36]} 0-1

[Event "Russian Higher League 2021"]
[Site "?"]
[Date "2021.07.03"]
[Round "7.16"]
[White "Triapishko, Alexandr"]
[Black "Murzin, Volodar"]
[Result "1/2-1/2"]
[WhiteElo "2510"]
[BlackElo "2502"]
[Annotator ""]
[Source ""]
[Remark ""]

1.d4 {[%clk 1:30:49]} Nf6 {[%clk 1:30:36]} 2.Nf3 {[%clk 1:31:01]}
g6 {[%clk 1:30:49]} 3.Nbd2 {[%clk 1:31:19]} d5 {[%clk 1:30:48]}
4.e3 {[%clk 1:30:01]} Bg7 {[%clk 1:31:05]} 5.b4 {[%clk 1:30:06]}
O-O {[%clk 1:31:11]} 6.Bb2 {[%clk 1:28:15]} Bf5 {[%clk 1:29:33]}
7.c4 {[%clk 1:17:46]} c6 {[%clk 1:29:29]} 8.Be2 {[%clk 1:13:38]}
Nbd7 {[%clk 1:26:33]} 9.O-O {[%clk 1:06:30]} Ne4 {[%clk 1:22:56]}
10.Nxe4 {[%clk 0:52:35]} Bxe4 {[%clk 1:21:16]} 11.Nd2 {[%clk 0:48:24]}
Bf5 {[%clk 1:20:12]} 12.Qb3 {[%clk 0:46:51]} Nf6 {[%clk 1:18:57]}
13.a4 {[%clk 0:37:41]} Ne4 {[%clk 1:11:25]} 14.Rfd1 {[%clk 0:33:48]}
Rc8 {[%clk 0:52:51]} 15.b5 {[%clk 0:23:50]} Qa5 {[%clk 0:40:22]}
16.Nxe4 {[%clk 0:21:04]} Bxe4 {[%clk 0:40:40]} 17.c5 {[%clk 0:17:51]}
Qd8 {[%clk 0:31:20]} 18.a5 {[%clk 0:13:40]} cxb5 {[%clk 0:29:34]}
19.Qxb5 {[%clk 0:11:15]} a6 {[%clk 0:29:34]} 20.Qb4 {[%clk 0:08:26]}
Re8 {[%clk 0:25:31]} 21.Bd3 {[%clk 0:05:13]} Bxd3 {[%clk 0:24:40]}
22.Rxd3 {[%clk 0:05:39]} Rc7 {[%clk 0:23:48]} 23.Qb6 {[%clk 0:03:46]}
Qd7 {[%clk 0:22:54]} 24.Rb1 {[%clk 0:04:04]} e5 {[%clk 0:20:03]}
25.dxe5 {[%clk 0:01:49]} Bxe5 {[%clk 0:19:34]} 26.Bxe5 {[%clk 0:01:20]}
Rxe5 {[%clk 0:20:03]} 27.h3 {[%clk 0:01:32]} Qc6 {[%clk 0:15:55]}
28.Qxc6 {[%clk 0:01:12]} Rxc6 {[%clk 0:16:23]} 29.f4 {[%clk 0:00:39]}
Re4 {[%clk 0:14:04]} 30.Rxd5 {[%clk 0:01:05]} Rc7 {[%clk 0:14:31]}
31.Kf2 {[%clk 0:00:41]} Ra4 {[%clk 0:14:56]} 32.c6 {[%clk 0:00:58]}
bxc6 {[%clk 0:15:16]} 33.Rc5 {[%clk 0:01:22]} Ra2+ {[%clk 0:15:01]}
34.Kf3 {[%clk 0:01:35]} Ra3 {[%clk 0:15:09]} 35.Rbc1 {[%clk 0:00:59]}
Rb7 {[%clk 0:11:49]} 36.R1c3 {[%clk 0:00:39]} Ra2 {[%clk 0:05:34]}
37.Rc2 {[%clk 0:00:52]} Ra3 {[%clk 0:05:38]} 38.R2c3 {[%clk 0:01:12]}
Ra2 {[%clk 0:06:01]} 39.Rc2 {[%clk 0:00:46]} Ra3 {[%clk 0:06:19]}
40.R2c3 {[%clk 0:31:11]} 1/2-1/2

[Event "Russian Higher League 2021"]
[Site "?"]
[Date "2021.07.03"]
[Round "7.17"]
[White "Zabotin, Alexander"]
[Black "Makarian, Rudik"]
[Result "0-1"]
[WhiteElo "2506"]
[BlackElo "2460"]
[Annotator ""]
[Source ""]
[Remark ""]

1.e4 {[%clk 1:30:54]} c5 {[%clk 1:27:04]} 2.Nf3 {[%clk 1:31:18]}
e6 {[%clk 1:27:31]} 3.d4 {[%clk 1:31:42]} cxd4 {[%clk 1:28:00]}
4.Nxd4 {[%clk 1:32:06]} Nc6 {[%clk 1:28:29]} 5.Nc3 {[%clk 1:32:14]}
Qc7 {[%clk 1:28:53]} 6.a3 {[%clk 1:32:18]} a6 {[%clk 1:29:02]}
7.Be3 {[%clk 1:32:32]} Be7 {[%clk 1:28:45]} 8.Be2 {[%clk 1:24:57]}
b5 {[%clk 1:27:53]} 9.O-O {[%clk 1:20:10]} Bb7 {[%clk 1:21:10]}
10.f4 {[%clk 1:20:35]} Nf6 {[%clk 1:20:15]} 11.Bf3 {[%clk 1:04:59]}
d6 {[%clk 1:18:43]} 12.Kh1 {[%clk 1:05:23]} O-O {[%clk 1:18:11]}
13.g4 {[%clk 1:02:07]} Rac8 {[%clk 1:14:09]} 14.g5 {[%clk 1:02:19]}
Nd7 {[%clk 1:14:35]} 15.f5 {[%clk 0:49:36]} Nde5 {[%clk 0:59:06]}
16.Bg2 {[%clk 0:35:47]} Nc4 {[%clk 0:42:20]} 17.Bc1 {[%clk 0:35:53]}
Nxd4 {[%clk 0:42:45]} 18.Qxd4 {[%clk 0:36:18]} d5 {[%clk 0:43:14]}
19.exd5 {[%clk 0:30:30]} exf5 {[%clk 0:43:37]} 20.Rxf5 {[%clk 0:29:49]}
Nxa3 {[%clk 0:37:41]} 21.Be4 {[%clk 0:29:43]} Nc4 {[%clk 0:32:03]}
22.Rf3 {[%clk 0:24:14]} g6 {[%clk 0:28:38]} 23.Bf4 {[%clk 0:23:55]}
Bd6 {[%clk 0:27:24]} 24.Bd3 {[%clk 0:21:08]} Ne5 {[%clk 0:24:39]}
25.Rg3 {[%clk 0:13:33]} Nxd3 {[%clk 0:18:56]} 26.Bxd6 {[%clk 0:13:28]}
Nf2+ {[%clk 0:16:43]} 27.Qxf2 {[%clk 0:09:54]} Qxd6 {[%clk 0:17:09]}
28.Rd1 {[%clk 0:09:51]} f5 {[%clk 0:12:21]} 29.gxf6 {[%clk 0:09:23]}
Rxf6 {[%clk 0:12:48]} 30.Qe3 {[%clk 0:08:32]} Rf5 {[%clk 0:11:21]}
31.Kg1 {[%clk 0:08:52]} Rcf8 {[%clk 0:10:03]} 32.Ne4 {[%clk 0:06:53]}
Rxd5 {[%clk 0:09:43]} 33.Qb3 {[%clk 0:05:46]} Qb6+ {[%clk 0:10:05]}
34.Re3 {[%clk 0:02:03]} Qxe3+ {[%clk 0:10:15]} 35.Qxe3 {[%clk 0:02:28]}
Rxd1+ {[%clk 0:10:42]} 36.Kg2 {[%clk 0:02:52]} Re8 {[%clk 0:11:09]}
37.Kg3 {[%clk 0:02:13]} Rxe4 {[%clk 0:11:00]} 38.Qa7 {[%clk 0:02:32]}
Rd7 {[%clk 0:11:14]} 39.Qc5 {[%clk 0:02:38]} Rf7 {[%clk 0:11:23]}
40.b3 {[%clk 0:32:24]} Rf3+ {[%clk 0:41:44]} 0-1

[Event "Russian Higher League 2021"]
[Site "?"]
[Date "2021.07.03"]
[Round "7.18"]
[White "Yuffa, Daniil"]
[Black "Saveliev, Alexei"]
[Result "1-0"]
[WhiteElo "2578"]
[BlackElo "2381"]
[Annotator ""]
[Source ""]
[Remark ""]

1.d4 {[%clk 1:30:57]} Nf6 {[%clk 1:30:56]} 2.c4 {[%clk 1:31:25]}
e6 {[%clk 1:31:20]} 3.g3 {[%clk 1:31:48]} d5 {[%clk 1:31:46]}
4.Bg2 {[%clk 1:32:11]} Be7 {[%clk 1:32:11]} 5.Nf3 {[%clk 1:32:38]}
O-O {[%clk 1:32:35]} 6.Qc2 {[%clk 1:33:06]} c5 {[%clk 1:28:43]}
7.dxc5 {[%clk 1:33:13]} Qa5+ {[%clk 1:29:02]} 8.Nbd2 {[%clk 1:33:27]}
Qxc5 {[%clk 1:26:13]} 9.a3 {[%clk 1:33:52]} a5 {[%clk 1:22:06]}
10.b4 {[%clk 1:33:04]} Qc7 {[%clk 1:22:26]} 11.b5 {[%clk 1:33:28]}
e5 {[%clk 1:13:45]} 12.O-O {[%clk 1:32:56]} Nbd7 {[%clk 1:09:12]}
13.a4 {[%clk 1:25:01]} b6 {[%clk 0:59:54]} 14.Ra2 {[%clk 1:17:26]}
Nc5 {[%clk 0:49:29]} 15.Bb2 {[%clk 1:10:12]} e4 {[%clk 0:47:27]}
16.Nd4 {[%clk 1:03:57]} Bb7 {[%clk 0:44:14]} 17.Nc6 {[%clk 0:48:42]}
dxc4 {[%clk 0:30:11]} 18.Bxf6 {[%clk 0:48:40]} Bxf6 {[%clk 0:30:09]}
19.Nxe4 {[%clk 0:48:57]} Nxe4 {[%clk 0:28:47]} 20.Bxe4 {[%clk 0:49:20]}
Rfe8 {[%clk 0:22:14]} 21.Qxc4 {[%clk 0:47:57]} Rad8 {[%clk 0:22:39]}
22.Bd5 {[%clk 0:47:17]} Rd6 {[%clk 0:22:09]} 23.e4 {[%clk 0:47:37]}
Bc8 {[%clk 0:21:30]} 24.Nxa5 {[%clk 0:45:46]} 1-0

[Event "Russian Higher League 2021"]
[Site "?"]
[Date "2021.07.03"]
[Round "7.19"]
[White "Faizrakhmanov, Ramil"]
[Black "Samojlov, Anton"]
[Result "1-0"]
[WhiteElo "2484"]
[BlackElo "2372"]
[Annotator ""]
[Source ""]
[Remark ""]

1.d4 {[%clk 1:30:55]} Nf6 {[%clk 1:30:48]} 2.c4 {[%clk 1:31:10]}
e6 {[%clk 1:31:08]} 3.Nf3 {[%clk 1:31:18]} Bb4+ {[%clk 1:31:22]}
4.Bd2 {[%clk 1:30:52]} Bxd2+ {[%clk 1:31:32]} 5.Qxd2 {[%clk 1:29:36]}
d5 {[%clk 1:31:43]} 6.g3 {[%clk 1:28:43]} O-O {[%clk 1:30:58]}
7.Bg2 {[%clk 1:28:50]} Nbd7 {[%clk 1:28:51]} 8.O-O {[%clk 1:28:11]}
c6 {[%clk 1:28:59]} 9.Na3 {[%clk 1:19:08]} b6 {[%clk 1:28:04]}
10.Ne5 {[%clk 1:18:14]} Bb7 {[%clk 1:23:31]} 11.Rac1 {[%clk 1:16:01]}
Nxe5 {[%clk 1:13:37]} 12.dxe5 {[%clk 1:16:23]} Nd7 {[%clk 1:13:36]}
13.f4 {[%clk 1:14:02]} f6 {[%clk 1:10:35]} 14.cxd5 {[%clk 1:10:19]}
cxd5 {[%clk 1:06:20]} 15.Nb5 {[%clk 1:04:48]} Qe7 {[%clk 0:57:26]}
16.exf6 {[%clk 0:59:38]} Nxf6 {[%clk 0:49:36]} 17.Rc7 {[%clk 0:57:18]}
Qe8 {[%clk 0:49:28]} 18.Nd4 {[%clk 0:57:15]} Rf7 {[%clk 0:49:19]}
19.Rfc1 {[%clk 0:51:02]} Rxc7 {[%clk 0:44:22]} 20.Rxc7 {[%clk 0:51:23]}
Bc8 {[%clk 0:40:52]} 21.Qb4 {[%clk 0:47:19]} Bd7 {[%clk 0:39:11]}
22.Qd6 {[%clk 0:42:07]} Rc8 {[%clk 0:38:52]} 23.Bf1 {[%clk 0:24:21]}
Rxc7 {[%clk 0:32:00]} 24.Qxc7 {[%clk 0:24:46]} Qe7 {[%clk 0:30:29]}
25.Bh3 {[%clk 0:15:41]} Kf7 {[%clk 0:15:32]} 26.Kg2 {[%clk 0:13:02]}
g5 {[%clk 0:09:18]} 27.fxg5 {[%clk 0:11:35]} Ne4 {[%clk 0:05:04]}
28.Nf3 {[%clk 0:10:16]} Ke8 {[%clk 0:04:56]} 29.Qb8+ {[%clk 0:08:54]}
Qd8 {[%clk 0:04:43]} 30.Qe5 {[%clk 0:09:03]} Kf7 {[%clk 0:04:57]}
31.Bg4 {[%clk 0:08:43]} Qf8 {[%clk 0:03:47]} 32.Qc7 {[%clk 0:06:42]}
Ke7 {[%clk 0:04:00]} 33.Bxe6 {[%clk 0:06:03]} Kxe6 {[%clk 0:03:44]}
34.Qe5+ {[%clk 0:06:27]} Kf7 {[%clk 0:03:48]} 35.Qxd5+ {[%clk 0:06:48]}
Be6 {[%clk 0:04:03]} 36.Qxe4 {[%clk 0:07:09]} Qg8 {[%clk 0:03:59]}
37.Qb7+ {[%clk 0:05:43]} Kf8 {[%clk 0:04:13]} 38.Qb8+ {[%clk 0:05:52]}
 1-0

[Event "Russian Higher League 2021"]
[Site "?"]
[Date "2021.07.03"]
[Round "7.20"]
[White "Pogosyan, Stefan"]
[Black "Grachev, Alexey"]
[Result "1-0"]
[WhiteElo "2413"]
[BlackElo "2347"]
[Annotator ""]
[Source ""]
[Remark ""]

1.d4 {[%clk 1:30:30]} d5 {[%clk 1:30:53]} 2.c4 {[%clk 1:30:55]}
e6 {[%clk 1:31:20]} 3.Nc3 {[%clk 1:31:14]} h6 {[%clk 1:31:36]}
4.Nf3 {[%clk 1:30:44]} Nf6 {[%clk 1:32:01]} 5.Bf4 {[%clk 1:26:13]}
Bd6 {[%clk 1:32:18]} 6.Bxd6 {[%clk 1:24:23]} Qxd6 {[%clk 1:32:45]}
7.e3 {[%clk 1:21:31]} O-O {[%clk 1:32:17]} 8.c5 {[%clk 1:14:03]}
Qe7 {[%clk 1:32:35]} 9.Be2 {[%clk 1:14:23]} Nbd7 {[%clk 1:20:25]}
10.O-O {[%clk 1:14:34]} c6 {[%clk 1:19:43]} 11.b4 {[%clk 1:14:53]}
b6 {[%clk 1:14:05]} 12.Qc2 {[%clk 1:06:46]} e5 {[%clk 1:10:13]}
13.b5 {[%clk 0:54:57]} Bb7 {[%clk 1:09:24]} 14.bxc6 {[%clk 0:55:17]}
Bxc6 {[%clk 1:09:52]} 15.cxb6 {[%clk 0:55:06]} axb6 {[%clk 1:08:19]}
16.Rab1 {[%clk 0:51:38]} e4 {[%clk 1:04:28]} 17.Nd2 {[%clk 0:51:48]}
Rfc8 {[%clk 1:02:43]} 18.Rfc1 {[%clk 0:52:03]} Qd6 {[%clk 0:50:48]}
19.Qb3 {[%clk 0:46:21]} Ne8 {[%clk 0:45:55]} 20.Rc2 {[%clk 0:45:08]}
Qe6 {[%clk 0:39:23]} 21.Rbc1 {[%clk 0:41:02]} Bb7 {[%clk 0:36:48]}
22.Bb5 {[%clk 0:38:17]} Nef6 {[%clk 0:33:23]} 23.h3 {[%clk 0:35:34]}
Nf8 {[%clk 0:32:20]} 24.Be2 {[%clk 0:34:50]} N8d7 {[%clk 0:29:24]}
25.Nb5 {[%clk 0:34:02]} Rxc2 {[%clk 0:28:45]} 26.Rxc2 {[%clk 0:33:22]}
Rc8 {[%clk 0:28:29]} 27.Rxc8+ {[%clk 0:31:29]} Bxc8 {[%clk 0:28:58]}
28.Qc3 {[%clk 0:31:34]} Bb7 {[%clk 0:25:26]} 29.Na7 {[%clk 0:31:28]}
Qd6 {[%clk 0:24:17]} 30.Nb1 {[%clk 0:29:26]} Kh7 {[%clk 0:16:28]}
31.Na3 {[%clk 0:28:35]} Qb8 {[%clk 0:14:51]} 32.N3b5 {[%clk 0:27:48]}
Ba6 {[%clk 0:13:19]} 33.Qc6 {[%clk 0:25:46]} Nf8 {[%clk 0:09:12]}
34.Bd1 {[%clk 0:25:41]} Ng6 {[%clk 0:09:10]} 35.Bb3 {[%clk 0:23:59]}
Ne7 {[%clk 0:08:15]} 36.Qc7 {[%clk 0:23:44]} Qxc7 {[%clk 0:07:45]}
37.Nxc7 {[%clk 0:24:10]} Bc4 {[%clk 0:08:11]} 38.Bxc4 {[%clk 0:21:42]}
dxc4 {[%clk 0:08:40]} 39.Kf1 {[%clk 0:22:07]} Nfd5 {[%clk 0:07:04]}
40.Nxd5 {[%clk 0:51:41]} Nxd5 {[%clk 0:37:33]} 41.Nb5 {[%clk 0:51:07]}
f5 {[%clk 0:30:32]} 42.Ke2 {[%clk 0:28:47]} Kg6 {[%clk 0:22:40]}
43.Kd2 {[%clk 0:24:58]} Kf6 {[%clk 0:13:57]} 44.Nc3 {[%clk 0:23:01]}
Nc7 {[%clk 0:12:36]} 45.a4 {[%clk 0:17:43]} g5 {[%clk 0:11:42]}
46.g4 {[%clk 0:11:41]} h5 {[%clk 0:07:58]} 47.gxh5 {[%clk 0:11:18]}
Kg7 {[%clk 0:08:27]} 48.Nb5 {[%clk 0:10:03]} Nd5 {[%clk 0:08:33]}
49.Nd6 {[%clk 0:09:54]} c3+ {[%clk 0:08:59]} 50.Kc2 {[%clk 0:10:19]}
f4 {[%clk 0:07:02]} 51.exf4 {[%clk 0:09:12]} Nxf4 {[%clk 0:07:27]}
52.Nxe4 {[%clk 0:09:27]} Kh6 {[%clk 0:07:36]} 53.Kxc3 {[%clk 0:09:41]}
Kxh5 {[%clk 0:07:57]} 54.Kc4 {[%clk 0:09:08]} Nxh3 {[%clk 0:08:20]}
55.d5 {[%clk 0:09:04]} Kg6 {[%clk 0:08:33]} 56.d6 {[%clk 0:09:28]}
Kf7 {[%clk 0:08:47]} 57.Kd5 {[%clk 0:09:49]} Nf4+ {[%clk 0:09:14]}
58.Kc6 {[%clk 0:10:12]} 1-0